Macroeconomics/ (Record no. 9036)

MARC details
000 -LEADER
fixed length control field 00633nam a22002177a 4500
003 - CONTROL NUMBER IDENTIFIER
control field OSt
005 - DATE AND TIME OF LATEST TRANSACTION
control field 20240702150202.0
008 - FIXED-LENGTH DATA ELEMENTS--GENERAL INFORMATION
fixed length control field 240702b |||||||| |||| 00| 0 eng d
020 ## - INTERNATIONAL STANDARD BOOK NUMBER
International Standard Book Number 0070901104
040 ## - CATALOGING SOURCE
Transcribing agency must
082 ## - DEWEY DECIMAL CLASSIFICATION NUMBER
Classification number 339 COL 2003
100 ## - MAIN ENTRY--PERSONAL NAME
Personal name Colander,David C.
9 (RLIN) 12212
245 ## - TITLE STATEMENT
Title Macroeconomics/
Statement of responsibility, etc. David C. Colander, peter S. Sephton and Charlene Richter
260 ## - PUBLICATION, DISTRIBUTION, ETC. (IMPRINT)
Place of publication, distribution, etc. Toronto:
Name of publisher, distributor, etc. Mc Graw-Hill Ryerson;
Date of publication, distribution, etc. c2003.
300 ## - PHYSICAL DESCRIPTION
Extent xxi,452p.:
Other physical details ill.,maps;
Dimensions 25cm.
504 ## - BIBLIOGRAPHY, ETC. NOTE
Bibliography, etc Includes index
650 ## - SUBJECT ADDED ENTRY--TOPICAL TERM
Source of heading or term macroeconomics
700 ## - ADDED ENTRY--PERSONAL NAME
Personal name Sephton,Peter S.
9 (RLIN) 12213
700 ## - ADDED ENTRY--PERSONAL NAME
Personal name Richter, charlene
9 (RLIN) 12214
942 ## - ADDED ENTRY ELEMENTS (KOHA)
Source of classification or shelving scheme Dewey Decimal Classification
Koha item type Open Shelf
Holdings
Withdrawn status Lost status Source of classification or shelving scheme Damaged status Not for loan Home library Current library Date acquired Source of acquisition Inventory number Total Checkouts Full call number Barcode Date last seen Price effective from Koha item type
    Dewey Decimal Classification     MUST Main Library MUST Main Library 02/07/2024 purchase 05/24112   339 COL 2003 2024-21678 02/07/2024 02/07/2024 Open Shelf
    Dewey Decimal Classification     MUST Main Library MUST Main Library 02/07/2024 purchase 05/24109   339 COL 2003 2024-21679 02/07/2024 02/07/2024 Open Shelf
    Dewey Decimal Classification     MUST Main Library MUST Main Library 02/07/2024 purchase 05/24114   339 COL 2003 2024-21680 02/07/2024 02/07/2024 Open Shelf
    Dewey Decimal Classification     MUST Main Library MUST Main Library 02/07/2024 purchase 05/24108   339 COL 2003 2024-21681 02/07/2024 02/07/2024 Open Shelf